000 00670nam a2200277Ia 4500
005 20260324140208.0
008 008 260324s9999 xx 000 0 eng d
020 _a9781315790534
037 _aEBOOK
040 _aCRL
040 _beng
040 _cCRL
041 _2eng
041 _aeng
084 _qCRL
100 _aNelson F. Kofie
_91203488
245 0 _aRace, Class, and the Struggle for Neighborhood in Washington, DC
260 _bTaylor and Francis
260 _c1999
365 _a
365 _b70.99
856 _uhttp://www.taylorfrancis.com/books/9781315790534
942 _cEBOOK
999 _c1805288
_d1805288